| 000 | 00792nam a22001817a 4500 | ||
|---|---|---|---|
| 003 | BD-DhUL | ||
| 005 | 20170518093934.0 | ||
| 008 | 170518b1994 b p|||| |||| 00| 0 b d | ||
| 040 |
_aBD-DhUL _cBD-DhUL |
||
| 082 |
_a954.14 _bKAB |
||
| 100 | 1 | _aকানুনগো, সুনীতিভূষণ | |
| 245 | 1 | 0 |
_aবাংলার ইতিহাস / _bপ্রথম খণ্ড (প্রাচীন যুগ) _cসুনীতিভূষণ কানুনগো |
| 260 |
_aচট্টগ্রাম : _bচট্টগ্রাম বিশ্ববিদ্যালয, _c১৯৯৪. |
||
| 300 |
_a১৭৮ পৃষ্ঠা ; _c২১ সে.মি. |
||
| 650 | 4 |
_aইতিহাস _zবাংলাদেশ |
|
| 650 | 4 |
_aHistory _zBangladesh |
|
| 942 |
_2ddc _cBK |
||
| 999 |
_c199196 _d199196 |
||